<?xml version="1.0" encoding="UTF-8"?>
<collection xmlns="http://www.loc.gov/MARC21/slim">
 <record>
  <leader>00787nam a22002175a 4500</leader>
  <controlfield tag="001">EHU.bham051088</controlfield>
  <controlfield tag="008">221018s1992####ag############000#0#spa#d</controlfield>
  <controlfield tag="005">20221018093351.0</controlfield>
  <datafield tag="245" ind1="1" ind2="0">
   <subfield code="a">Los cien días :</subfield>
   <subfield code="b">las memorias del Comandante de la flota británica durante la Guerra de Malvinas /</subfield>
   <subfield code="c">Sandy Woodward, Patrick Robinson ; trad. por Julio Serra.</subfield>
  </datafield>
  <datafield tag="260" ind1=" " ind2=" ">
   <subfield code="a">Buenos Aires :</subfield>
   <subfield code="b">Sudamericana,</subfield>
   <subfield code="c">1992.</subfield>
  </datafield>
  <datafield tag="300" ind1=" " ind2=" ">
   <subfield code="a">360 p.</subfield>
  </datafield>
  <datafield tag="020" ind1=" " ind2=" ">
   <subfield code="a">9500707993</subfield>
  </datafield>
  <datafield tag="100" ind1="1" ind2=" ">
   <subfield code="a">Woodward, Sandy.</subfield>
  </datafield>
  <datafield tag="700" ind1="1" ind2=" ">
   <subfield code="a">Robinson, Patrick.</subfield>
  </datafield>
  <datafield tag="700" ind1="1" ind2=" ">
   <subfield code="a">Serra, Julio, trad.</subfield>
  </datafield>
  <datafield tag="082" ind1="3" ind2="2">
   <subfield code="a">923 W871</subfield>
  </datafield>
  <datafield tag="653" ind1=" " ind2=" ">
   <subfield code="a">Memorias</subfield>
  </datafield>
  <datafield tag="653" ind1=" " ind2=" ">
   <subfield code="a">Malvinas-Guerra de</subfield>
  </datafield>
  <datafield tag="653" ind1=" " ind2=" ">
   <subfield code="a">Historia argentina-Guerra de Malvinas</subfield>
  </datafield>
  <datafield tag="653" ind1=" " ind2=" ">
   <subfield code="a">Reino Unido-historia de-Guerra de Malvinas</subfield>
  </datafield>
  <datafield tag="859" ind1=" " ind2=" ">
   <subfield code="a">AR-BHAM</subfield>
   <subfield code="b">BIB. HUMANIDADES - General</subfield>
   <subfield code="h">923</subfield>
   <subfield code="i">W871</subfield>
   <subfield code="p">459.22</subfield>
  </datafield>
 </record>
</collection>
